Nové metody technické přípravy, organizace a řízení jakosti výroby - zlom v řízení nákladů a vnitropodnikového účetníctví.
Potreba prekonania colných, dovozných a iných ekonomických bariér v znižovaní nákladov a v zvyšovaní výnosov a efektov. Zmeny týkajúce sa vymedzenia výrobkov a technickej prípravy inovovanej výroby. Zmeny v organizácii, riadení a zabezpečovania výrobného procesu. Zmeny v riadení a kontrole akosti. D...
Salvato in:
| Autore principale: | |
|---|---|
| Natura: | Capitolo di libro |
| Lingua: | ceco |
| Soggetti: | |
| Tags: |
Nessun Tag, puoi essere il primo ad aggiungerne!!
|
MARC
| LEADER | 00000naa a2200000 4500 | ||
|---|---|---|---|
| 001 | r003741 | ||
| 005 | 20220819180951.4 | ||
| 041 | 0 | |a cze | |
| 044 | |a [CS] | ||
| 245 | 1 | 0 | |a Nové metody technické přípravy, organizace a řízení jakosti výroby - zlom v řízení nákladů a vnitropodnikového účetníctví. |c R. Schroll |
| 520 | |a Potreba prekonania colných, dovozných a iných ekonomických bariér v znižovaní nákladov a v zvyšovaní výnosov a efektov. Zmeny týkajúce sa vymedzenia výrobkov a technickej prípravy inovovanej výroby. Zmeny v organizácii, riadení a zabezpečovania výrobného procesu. Zmeny v riadení a kontrole akosti. Dôsledky pre riadenie nákladov a vnútropodnikového účtovníctva. Výrobkové náklady a VPÚ. | ||
| 610 | 2 | 0 | |a príprava výroby technická |
| 610 | 2 | 0 | |a organizácia výroby |
| 610 | 2 | 0 | |a riadenie kvality |
| 610 | 2 | 0 | |a náklady |
| 610 | 2 | 0 | |a konkurencia |
| 610 | 2 | 0 | |a kalkulácia |
| 610 | 2 | 0 | |a účtovníctvo vnútropodnikové |
| 610 | 2 | 0 | |a inovácia |
| 610 | 2 | 0 | |a CAD |
| 610 | 2 | 0 | |a CAM |
| 610 | 2 | 0 | |a CIM |
| 100 | 1 | |a Schroll, R. | |